| 000 | 01734nam a2200481 i 4500 | ||
|---|---|---|---|
| 001 | 35528 | ||
| 003 | KOSZ 005 | ||
| 005 | 20191126084240.0 | ||
| 008 | 191126s1982 pl a f 000 0 pol | ||
| 015 | _aPB 1983/1060 | ||
| 020 |
_a8301011491 _z83010011491 |
||
| 035 | _a991009200859705066 | ||
| 035 | _a(PL-WaBN)b12496212-48omnis_nlop | ||
| 035 | _ab12496212 | ||
| 035 | _a(OCoLC)751318722 | ||
| 035 | _a(PL)b0000001249621 | ||
| 035 | _a(EXLNZ-48OMNIS_NETWORK)9910270276205606 | ||
| 040 |
_aWA N _cWA N _dKOSZ 005/RW |
||
| 041 | 0 |
_apol _brus _beng |
|
| 046 | _k1982 | ||
| 080 | _a537.3 | ||
| 100 | 1 |
_aMarciak-Kozłowska, Janina _d(1936- ) _eAutor |
|
| 245 | 1 | 0 |
_aNiestacjonarne zjawiska transportu w półprzewodnikach / _cJanina Marciak-Kozłowska ; Instytut Technologii Elektronowej. |
| 260 |
_aWarszawa : _bPaństwowe Wydawnictwo Naukowe, _c1982. |
||
| 300 |
_a90, [1] stron : _bilustracje, wykresy ; _c24 cm. |
||
| 336 |
_aTekst _btxt _2rdacontent |
||
| 337 |
_aBez urządzenia pośredniczącego _bn _2rdamedia |
||
| 338 |
_aWolumin _bnc _2rdacarrier |
||
| 380 | _aKsiążki | ||
| 380 | _aPublikacje naukowe | ||
| 388 | _a1901-2000 | ||
| 490 | 1 |
_aBiblioteka Elektroniki, _x0067-7647 ; _v17 |
|
| 504 | _aBibliografia na stronach 84-[86]. | ||
| 546 | _aStreszczenie w języku rosyjskim i angielskim. | ||
| 650 | 7 |
_aPółprzewodniki _2DBN |
|
| 650 | 7 | _aWłaściwości fizyczne | |
| 658 | _aFizyka i astronomia | ||
| 710 | 2 |
_aPaństwowe Wydawnictwo Naukowe _4pbl |
|
| 830 | 0 |
_aBiblioteka Elektroniki, _v17 |
|
| 856 |
_uhttp://koha.tu.koszalin.pl/cgi-bin/koha/opac-detail.pl?biblionumber=35528 _yKatalog online BPK |
||
| 942 |
_2UKD _cKS |
||
| 999 |
_c35528 _d35528 |
||